| 000 | 00751nam a2200253 i 4500 | ||
|---|---|---|---|
| 001 | 142735 | ||
| 003 | ES-MaACL | ||
| 005 | 20251130063154.0 | ||
| 007 | t| | ||
| 008 | 071009s1986 sp ||||1| spa d | ||
| 080 | _a82.0(73)-311.6"19" | ||
| 100 | 0 |
_aVidal, Gore, _d1925-2012 _9114430 |
|
| 245 | 1 | 0 |
_aJuliano el Apóstata / _cGore Vidal ; traducción de Eduardo Masullo ; revisión de Víctor León. |
| 250 | _a2ª ed. | ||
| 260 |
_aBarcelona : _bEdhasa, _c1986. |
||
| 300 |
_a507 p. ; _c23 cm. |
||
| 490 | 1 | _aNarrativas | |
| 700 | 1 |
_aMasullo, Eduardo. _978878 |
|
| 700 | 1 |
_aLeón, Victor. _971598 |
|
| 830 | 0 |
_aNarrativas (Edhasa) _9183509 |
|
| 852 |
_aES-MaACL _jL-10815 _bR.112694 |
||
| 942 | _2udc | ||
| 999 |
_c142735 _d142735 |
||